000
00231nam a22000857a 4500
008
160630b xxu||||| |||| 00| 0 eng d
100
_9
1525
_a
Murthy, J.K
245
_a
Handbook of Physical Education & Sports
260
_a
N.D
_b
Common Wealth
999
_c
1259
_d
1259